Социальные нормы в интернет-коммуникации: социолингвистический аспект; Гуманитарная информатика; № 7

Xehetasun bibliografikoak
Parent link:Гуманитарная информатика/ Национальный исследовательский Томский государственный университет (ТГУ).— , 2004-
№ 7.— 2013.— [С. 72-78]
Egile nagusia: Мишанкина Н. А. Наталья Александровна
Erakunde egilea: Национальный исследовательский Томский политехнический университет
Gaia:Заглавие с экрана
Представлены результаты социолингвистического анализа текстов коммуникации в интернет-среде в аспекте социальной нормативности. Полученные данные позволяют гово- рить о широком варьировании нормативности от следования общественным нормам реаль- ного социального пространства до формирования новых вариантов, являющихся для реаль- ного социума неприемлемыми.
The article presents results of socio-linguistic analysis of texts of communication in the Internet environment in the aspect of social normativity. The data suggest a wide variation of normativity from societal norms of the real social spaces, to formation of new variants that are unacceptable for real society.
Режим доступа: по договору с организацией-держателем ресурса
Hizkuntza:errusiera
Argitaratua: 2013
Gaiak:
Sarrera elektronikoa:http://elibrary.ru/item.asp?id=19120200
http://journals.tsu.ru/huminf/&journal_page=archive&id=1161&article_id=19073
Formatua: Baliabide elektronikoa Liburu kapitulua
KOHA link:https://koha.lib.tpu.ru/cgi-bin/koha/opac-detail.pl?biblionumber=647316

MARC

LEADER 00000naa0a2200000 4500
001 647316
005 20250606141439.0
035 |a (RuTPU)RU\TPU\network\12454 
090 |a 647316 
100 |a 20160404d2013 k||y0rusy50 ca 
101 0 |a rus 
102 |a RU 
135 |a drcn ---uucaa 
181 0 |a i  
182 0 |a b 
200 1 |a Социальные нормы в интернет-коммуникации: социолингвистический аспект  |d Social norms in the internet-communication: sociolinguistic aspect  |f Н. А. Мишанкина 
203 |a Текст  |c электронный 
300 |a Заглавие с экрана 
320 |a [Библиогр.: с. 78 (10 назв.)] 
330 |a Представлены результаты социолингвистического анализа текстов коммуникации в интернет-среде в аспекте социальной нормативности. Полученные данные позволяют гово- рить о широком варьировании нормативности от следования общественным нормам реаль- ного социального пространства до формирования новых вариантов, являющихся для реаль- ного социума неприемлемыми. 
330 |a The article presents results of socio-linguistic analysis of texts of communication in the Internet environment in the aspect of social normativity. The data suggest a wide variation of normativity from societal norms of the real social spaces, to formation of new variants that are unacceptable for real society. 
333 |a Режим доступа: по договору с организацией-держателем ресурса 
461 |t Гуманитарная информатика  |f Национальный исследовательский Томский государственный университет (ТГУ)  |d 2004- 
463 |t № 7  |v [С. 72-78]  |d 2013 
510 1 |a Social norms in the internet-communication: sociolinguistic aspect  |z eng 
610 1 |a электронный ресурс 
610 1 |a труды учёных ТПУ 
610 1 |a социальные нормы 
610 1 |a интернет-коммуникации 
610 1 |a социолингвистический анализ 
700 1 |a Мишанкина  |b Н. А.  |c лингвист  |c профессор Томского политехнического университета, доктор филологических наук  |f 1969-  |g Наталья Александровна  |3 (RuTPU)RU\TPU\pers\28712  |9 13509 
712 0 2 |a Национальный исследовательский Томский политехнический университет  |c (2009- )  |9 26305 
801 2 |a RU  |b 63413507  |c 20160404  |g RCR 
850 |a 63413507 
856 4 |u http://elibrary.ru/item.asp?id=19120200 
856 4 |u http://journals.tsu.ru/huminf/&journal_page=archive&id=1161&article_id=19073 
942 |c CF